Taylor Swift - Compléter le refrain de Lover - Statistiques

Statistiques générales
  • Ce quiz a été pris 80 fois
  • Le résultat moyen est 4 sur 5
Statistiques - réponses
Question Réponse % Correct
*** I go where you go? Can
100%
*** me out and *** me home Take
94%
Can we always be *** close? this
94%
*** and ever, ah Forever
64%
You're *** lover my, my, my, my
48%
Aucun quiz correspondant
Distribution des résultats
% des personnes avec chaque résultat
Percentile par nombre de réponses
Votre historique - résultats
Vous n’avez pas pris ce quiz